The Tobin tax : coping with financial volatility /

Bibliographic Details
Other Authors: Haq, Mahbub ul, 1934-1998, Kaul, Inge, Grunberg, Isabelle
Format: Book
Language:English
Published: New York : Oxford University Press, [1996]
Subjects:

MARC

Tag First Indicator Second Indicator Subfields
LEADER 00000cam a2200000 a 4500
001 in00001312621
005 20151005063934.0
008 960404s1996 nyua b 001 0 eng
010 |a  96017533  
020 |a 019511180X (cloth) 
020 |a 0195111818 (paper) 
035 |a (OCoLC)34553541 
035 |9 AHC0585AM 
040 |a DLC  |c DLC  |d C#P  |d TXA  |d UtOrBLW 
049 |a TXAM 
050 0 0 |a HG3853  |b .H37 1996 
082 0 0 |a 332.4/5  |2 20 
245 0 4 |a The Tobin tax :  |b coping with financial volatility /  |c edited by Mahbub ul Haq, Inge Kaul, Isabelle Grunberg. 
264 1 |a New York :  |b Oxford University Press,  |c [1996] 
264 4 |c ©1996 
300 |a xviii, 318 pages :  |b illustrations ;  |c 25 cm. 
336 |a text  |b txt  |2 rdacontent 
337 |a unmediated  |b n  |2 rdamedia 
338 |a volume  |b nc  |2 rdacarrier 
504 |a Includes bibliographical references (pages [307]-308) and index. 
650 0 |a Foreign exchange futures  |x Taxation. 
600 0 0 |a Tobin, James,  |d 1918-2002. 
700 1 |a Haq, Mahbub ul,  |d 1934-1998. 
700 1 |a Kaul, Inge. 
700 1 |a Grunberg, Isabelle. 
999 |a MARS 
999 f f |s 958f414f-7219-3358-af7c-bdb67ab40f93  |i ebef93b4-8a22-36f0-ab9b-3b1717ae4929  |t 0 
952 f f |p ric  |a Texas A&M University  |b Rellis Campus  |c Joint Library Facility  |d Remote Storage  |t 0  |e HG3853 .H37 1996  |h Library of Congress classification  |i unmediated -- volume  |m A14820170880 
998 f f |a HG3853 .H37 1996  |t 0  |l Remote Storage